| 000 | 00831nam a2200229 a 4500 | ||
|---|---|---|---|
| 001 | 000034991 | ||
| 005 | 20200930074031.0 | ||
| 008 | 111024s1958 ag 000 0 spa d | ||
| 040 |
_aDO-SdBNP _bspa _cBNPHU |
||
| 082 |
_a323.4 _bG212L |
||
| 100 | 1 |
_aGaraudy, Roger, _d1913- _960583 |
|
| 240 | 1 | 3 |
_aLa liberté _lespañol |
| 245 | 1 | 3 |
_aLa libertad / _cRoger Garaudy ; traducido del francés Sara Manso. |
| 260 |
_aBuenos Aires : _bLautaro, _c1958. |
||
| 300 |
_a509, [4] p. ; _c21 cm. |
||
| 500 | _aTraducido del francés. | ||
| 504 | _aIncluye referencias bibliográficas y notas al pie de las páginas. | ||
| 590 | _aPerteneció a la biblioteca personal de Juan Isidro Jimenes Grullón. | ||
| 650 | 4 |
_aLibertad (ciencia política) _960596 |
|
| 700 | 1 |
_aManso, Sara, _etr. _960597 |
|
| 910 | _aValidado. Control de calidad BNPHU | ||
| 999 |
_c34482 _d34482 |
||